<?xml version="1.0" encoding="UTF-8"?>
<record
    xmlns:xsi="http://www.w3.org/2001/XMLSchema-instance"
    xsi:schemaLocation="http://www.loc.gov/MARC21/slim http://www.loc.gov/standards/marcxml/schema/MARC21slim.xsd"
    xmlns="http://www.loc.gov/MARC21/slim">

  <leader>00565nam a22002057b 4500</leader>
  <controlfield tag="003">3228</controlfield>
  <controlfield tag="005">20260316133850.0</controlfield>
  <controlfield tag="008">260316b        sa ||||e |||| 00| 1 AFR d</controlfield>
  <datafield tag="020" ind1=" " ind2=" ">
    <subfield code="a">0628030541 (hardback)</subfield>
  </datafield>
  <datafield tag="040" ind1=" " ind2=" ">
    <subfield code="a">MPL</subfield>
    <subfield code="b">eng</subfield>
    <subfield code="c">3228</subfield>
    <subfield code="e">rda</subfield>
  </datafield>
  <datafield tag="041" ind1=" " ind2=" ">
    <subfield code="a">Afrikaans</subfield>
  </datafield>
  <datafield tag="082" ind1=" " ind2="0">
    <subfield code="a">AF MURR</subfield>
  </datafield>
  <datafield tag="100" ind1=" " ind2=" ">
    <subfield code="9">86674</subfield>
    <subfield code="a">Murray, Ena  </subfield>
    <subfield code="e">author</subfield>
  </datafield>
  <datafield tag="245" ind1=" " ind2=" ">
    <subfield code="a">Rabbedoe van rietkuil /</subfield>
    <subfield code="b">Ena,Murray</subfield>
  </datafield>
  <datafield tag="250" ind1=" " ind2=" ">
    <subfield code="a">Eerste uitgawe</subfield>
  </datafield>
  <datafield tag="260" ind1=" " ind2=" ">
    <subfield code="a">Johannesburg :</subfield>
    <subfield code="b">Klub Dagbreek ,</subfield>
    <subfield code="c">&#xA9; 1986</subfield>
  </datafield>
  <datafield tag="300" ind1=" " ind2=" ">
    <subfield code="a">170 page :</subfield>
    <subfield code="c">20 cm</subfield>
  </datafield>
  <datafield tag="655" ind1=" " ind2="0">
    <subfield code="9">189056</subfield>
    <subfield code="a">Afrikaans Fiction</subfield>
  </datafield>
  <datafield tag="942" ind1=" " ind2=" ">
    <subfield code="2">ddc</subfield>
    <subfield code="c">AF</subfield>
    <subfield code="w">300</subfield>
    <subfield code="x">Thenjiwe Mabuza</subfield>
    <subfield code="y">300</subfield>
    <subfield code="z">Thenjiwe Mabuza</subfield>
  </datafield>
  <datafield tag="999" ind1=" " ind2=" ">
    <subfield code="c">794200</subfield>
    <subfield code="d">794199</subfield>
  </datafield>
  <datafield tag="952" ind1=" " ind2=" ">
    <subfield code="0">0</subfield>
    <subfield code="1">0</subfield>
    <subfield code="2">ddc</subfield>
    <subfield code="4">0</subfield>
    <subfield code="7">0</subfield>
    <subfield code="8">F</subfield>
    <subfield code="a">KWAGL</subfield>
    <subfield code="b">KWAGL</subfield>
    <subfield code="c">FIC</subfield>
    <subfield code="d">2026-03-16</subfield>
    <subfield code="l">0</subfield>
    <subfield code="o">AF MURR</subfield>
    <subfield code="p">33228001886553</subfield>
    <subfield code="r">2026-03-16</subfield>
    <subfield code="w">2026-03-16</subfield>
    <subfield code="y">BK</subfield>
    <subfield code="z">61532099/170</subfield>
  </datafield>
</record>
